000 01181cab a2200325 4500
001 ABS55418
008 090401t1996 xxu||||| |||| 00| 0 eng d
035 _a(Sirsi) u16296
041 _aeng
100 _aAlexander, J.
245 _aSection 2 requirements
260 _c1996
350 _a0
490 _aSolicitors` Journal
_v140(22) 7 June 1996, 564-565(2)
520 _aConsiders the implicaitons for practitioners of S2 of the Law of Property (Miscellaneous Provisions) Act 1989. Focusses on cases where the terms have been omitted from a contract, where rectification has taken place and exchange of correspondence has occurred. Case law.
650 _aCOMMISSION FOR THE NEW TOWNS V COOPER
650 _aContracts
_96232
650 _aCORRESPONDENCE
650 _aHOOPER V SHERMAN
650 _aLAW OF PROPERTY (MISCELLANEOUS PROVISIONS) ACT 1989 S2
650 _aLIABILITY
650 _aOMITTED TERMS
650 _aRECORD V BELL
650 _aRECTIFICATION
650 _aTOOTAL CLOTHING LTD V GUINEA PROPERTIES LTD
650 _aWRIGHT V ROBERT LEONARD DEVELOPMENTS
690 _aPROPERTY LAW AND PRACTICE
942 _n0
948 _c04/03/1997
999 _c10712
_d10712